[Event "Tatabanya Regional-ch"]
[Site "Tatabanya"]
[Date "2014.12.29"]
[Round "5"]
[White "Szakaly, Miklos"]
[Black "Gyuricsek, Szilard"]
[Result "0-1"]
[WhiteElo "1541"]
[BlackElo "1274"]
[PlyCount "48"]
[EventDate "2014.12.27"]
[EventType "swiss"]
[EventRounds "7"]
[EventCountry "HUN"]
[SourceTitle "CBM 164 Extra"]
[Source "ChessBase"]
[SourceDate "2015.03.02"]
[SourceVersion "1"]
[SourceVersionDate "2015.03.02"]
[SourceQuality "1"]

1. e4 e5 2. Nf3 Nc6 3. b3 Bc5 4. Bb2 d6 5. Bb5 Bd7 6. Bxc6 Bxc6 7. d3 Nf6 8. 0-0 Qe7 9. Nbd2 0-0-0 10. a3 h5 11. h3 Rdg8 12. Nh2 g5 13. g3 Bd7 14. Kg2 Qe6 15. g4 Rh7 16. f3 Rgh8 17. Rh1 hxg4 18. hxg4 Ne8 19. Qe2 Qh6 20. Kf1 Qxh2 21. Rxh2 Rxh2 22. Ke1 Ng7 23. Kd1 Ne6 24. b4 Rh1+ 0-1